000
00291nam a2200121Ia 4500
008
191201s2013 xx 000 0 und d
100
_a
THAREJA, Reema
245
0
_a
Introduction to C programming
250
_a
IMP
260
_c
2013
_b
Oxford
_a
NEW DELHI
300
_a
434
942
_2
ddc
_c
BK
_0
12
999
_c
7893
_d
7893